Hármas igen Benedek Elek időszerűségére
Elmentve itt :
| Szerző: | |
|---|---|
| Adatforrás: | Meister |
| Forrásdokumentuma: | Művelődés. Antológia. A közművelődés... (1976-1989) |
| Nyelv: | magyar |
| Kulcsszavak: | irodalomtörténet BENEDEK Elek |
| LEADER | 00392nab a2200133 i 4500 | ||
|---|---|---|---|
| 001 | bibPRO00003474 | ||
| 008 | 060524s1999 xx hun | ||
| 040 | |a Sz1 | ||
| 041 | |a hun | ||
| 100 | 1 | |a BALOGH Edgár | |
| 245 | 1 | 0 | |a Hármas igen Benedek Elek időszerűségére |c BALOGH Edgár |
| 695 | |a irodalomtörténet | ||
| 695 | |a BENEDEK Elek | ||
| 773 | 0 | |t Művelődés. Antológia. A közművelődés... (1976-1989) | |